| 000 | 01045nam a22002537a 4500 | ||
|---|---|---|---|
| 005 | 20170124102933.0 | ||
| 010 | B | _aA-813656 | |
| 020 |
_c75.00 _a8185830606 |
||
| 035 | _aA-813656 | ||
| 037 | _bCen Lib/Ret | ||
| 040 |
_aDPL _bHN |
||
| 082 |
_a808.7 _bघोषश |
||
| 100 |
_aघोष, श्यामसुन्दर _944816 |
||
| 245 |
_aव्यंग क्या व्यंग क्यों / _cश्यामसुन्दर घोष |
||
| 246 |
_avyang kya vyang kyu / _bby Shyamsunder Ghosh |
||
| 260 |
_aदिल्ली _bसय्सहित्य प्रकाशन _c1996 |
||
| 270 |
_bदिल्ली _a२०५-बी, चावडी बाज़ार _e110006 |
||
| 300 |
_a147पृ. _c15सेमी(सजिल्द ) |
||
| 650 |
_aहिंदी साहित्य _x _z _945630 |
||
| 650 |
_v _aव्यंग काव्य _945631 |
||
| 650 |
_aHindi litarature _945632 |
||
| 650 |
_aSatire Poetry _945633 |
||
| 942 |
_2ddc _cHN _h808.7 _mघोषश |
||
| 999 |
_c112045 _d112045 |
||